000 00720nam a2200241Ia 4500
003 OSt
005 20220925204906.0
006 a|||||r|||| 00| 0
007 ta
008 220923b |||||||| |||| 00| 0 eng d
037 _cGeneral Book
040 _aRTL
_cRTL
_beng
041 _2eng
_aeng
082 _aY:3(Q), M0
100 _aThrower James
_9238371
245 0 _aAlternative tradition
_b Religion and the rejection
260 _aHague
_bMouton
_c1980
300 _a286p
_ccm.
490 _aReligion and Society.18
500 _aBibliography: P 255-266; Appendix: P 231-254
942 _hY:3(Q), M0
_cGB
_2CC
999 _c550696
_d550696